| 000 | 00632nam a2200181 4500 | ||
|---|---|---|---|
| 001 | 109231 | ||
| 003 | ES-MaACL | ||
| 005 | 20230906184813.0 | ||
| 007 | t| | ||
| 008 | 061121s1970 sp r ||||1| cat d | ||
| 245 | 0 | 0 |
_aMiscellania Histórica Catalana _b: Homenatge al Padre Jaume Finestres, historiador de Poblet (1969). |
| 260 |
_aPoblet : _bAbadía, _c1970. |
||
| 300 |
_a532 p., 5 lám ; _c25 cm + _e1 map. pleg., 2 plan. pleg. |
||
| 600 | 1 | 4 |
_aFinestres y de Monsalvo, Jaime. _950889 |
| 651 | 4 |
_aCataluña- _xHistoria. _98013 |
|
| 710 | 2 |
_aMonasterio de Santa María de Poblet. _95752 |
|
| 852 |
_aES-MaACL _jC-41271 _bR.75247 |
||
| 999 |
_c109231 _d109231 |
||